000 01063nam a22003377a 4500
003 CHAP
005 20220329133739.0
008 971013s r 00010 d
010 _a10296
011 _a11268
035 _a10506
040 _cCHAP
090 _aFolleto 4099
110 _aEaton Norwich Pharmacal Company de México
_935012
245 _aEscherichia coli, incidencia en la avicultura
260 _aMéxico,
_c(s.a.)
300 _as.p.
490 _aNotas técnicas
590 _aBATCH-UPD
_b10
_c20130110
_lUCH01
_h1558
590 _aBATCH-UPD
_b10
_c20130410
_lUCH01
_h0955
590 _aBATCH-UPD
_b10
_c20130914
_lUCH01
_h0440
590 _aCONVERSION
_b10
_c20130109
_lUCH01
_h1307
650 1 4 _aAves de corral
_xParásitos.
_98673
650 1 4 _aEscherichia coli.
_937480
830 0 _aNotas técnicas
_981876
901 _aBK
942 _cFOLL
949 _aFolleto 4099
_bBC
_cFOLL
_d-22146
_eTS1
_i10506
_si
949 _aFolleto 4099
_bBC
_cFOLL
_d-22148
_eTS2
_fc.2
_i10506
_si
949 _aFolleto 4099
_bBC
_cFOLL
_d-22151
_eTS2
_fc.3
_i10506
_si
999 _c10296
_d10296